Estadísticas para Municipios del Valle de Ayora/la Vall d'Aiora

Haz click aquí para intentar la prueba.

Estadísticas generales

  • Esta prueba ha sido intentada 15 veces
  • La puntuación promedio es 5 de 7

Respuestas en el mapa

Las respuestas están codificadas por una escala verde-roja en el mapa de la prueba según el % correcto abajo.
 

Estadísticas de respuestas

Respuesta% Correcto
Ayora
100%
Cofrentes
100%
Zarra
73%
Cortes de Pallás
64%
Teresa de Cofrentes
64%
Jalance
55%
Jarafuel
55%

Distribución de puntuación

Porcentaje por número respondido

Porcentaje de gente con cada puntuación

Historial de tus puntuaciones

No has intentado esta prueba.